Design of concrete structures (Record no. 546959)

000 -LEADER
fixed length control field 00719cam a2200205 4500
082 ## - DEWEY DECIMAL CLASSIFICATION NUMBER
Classification number 624.1838
Author Mark URQ
-- D
100 1# - MAIN ENTRY--PERSONAL NAME
Personal name Urquhart, Leonard Church,
9 (RLIN) 42273
245 10 - TITLE STATEMENT
Title Design of concrete structures
Statement of responsibility, etc. [by] Leonard Church Urquhart, Charles Edward O'Rourke [and] George Winter.
250 ## - EDITION STATEMENT
Edition statement 6th ed.
260 ## - PUBLICATION, DISTRIBUTION, ETC.
Place of publication, distribution, etc. New York,
Name of publisher, distributor, etc. McGraw-Hill,
Date of publication, distribution, etc. 1958.
300 ## - PHYSICAL DESCRIPTION
Extent 546 p.
Other physical details illus.
Dimensions 24 cm.
490 1# - SERIES STATEMENT
Series statement McGraw-Hill civil engineering series
526 ## - STUDY PROGRAM INFORMATION NOTE
Program name 0
Interest level 0
Reading level 0
Title point value 624_183800000000000_URQ
526 ## - STUDY PROGRAM INFORMATION NOTE
Program name 0
Interest level 0
Reading level 0
Title point value 624_183800000000000_URQ
526 ## - STUDY PROGRAM INFORMATION NOTE
Program name 0
Interest level 0
Reading level 0
Title point value 624_183800000000000_URQ
526 ## - STUDY PROGRAM INFORMATION NOTE
Program name 0
Interest level 0
Reading level 0
Title point value 624_183800000000000_URQ
650 #0 - SUBJECT ADDED ENTRY--TOPICAL TERM
Topical term or geographic name entry element MCE
9 (RLIN) 379
650 #0 - SUBJECT ADDED ENTRY--TOPICAL TERM
Topical term or geographic name entry element Reinforced concrete construction.
942 ## - ADDED ENTRY ELEMENTS (KOHA)
Source of classification or shelving scheme
Koha item type Book
Holdings
Withdrawn status Lost status Source of classification or shelving scheme Damaged status Not for loan Permanent Location Current Location Date acquired Total Checkouts Full call number Barcode Date last seen Price effective from Koha item type
          Military College of Engineering (MCE) Military College of Engineering (MCE) 06/25/2014   624.1838 URQ MCE-35303 06/25/2014 06/25/2014 Book
          Military College of Engineering (MCE) Military College of Engineering (MCE) 06/25/2014   624.1838 URQ MCE-2581 04/18/2019 06/25/2014 Book
          Military College of Engineering (MCE) Military College of Engineering (MCE) 06/25/2014   624.1838 URQ MCE-30445 06/25/2014 06/25/2014 Book
          Military College of Engineering (MCE) Military College of Engineering (MCE) 06/25/2014   624.1838 URQ MCE-575 06/25/2014 06/25/2014 Book
© 2023 Central Library, National University of Sciences and Technology. All Rights Reserved.